000 00791nam a2200241Ia 4500
003 OSt
005 20220923220954.0
006 a|||||r|||| 00| 0
007 ta
008 220922b |||||||| |||| 00| 0 hin d
024 _a193,046
037 _cTextual
040 _aARTS
_cARTS
_bhin
041 _2hin
_ahin
082 _aV2:19.N7, 152L4
100 _aपन्त, पुष्पेश
245 0 _aभारतीय राजनय
_b शैली और संस्कार
246 _aBhāratīya rājanaya: shailī aur sanskāra
260 _aदिल्ली
_b मैकमिलन कम्पनी
_c1974
300 _a103पृ.
_ccm.
942 _hV2:19.N7, 152L4
_cTEXL
_2CC
999 _c345547
_d345547